Loading...
| Current Events | 2 | 10.00 | 100% | 0% | 0% |
| Fine Arts - Classical Music | 7 | 18.57 | 100% | 71% | 14% |
| Fine Arts - Other | 5 | 14.00 | 100% | 40% | 0% |
| Fine Arts - Painting and Sculpture | 8 | 12.50 | 100% | 25% | 0% |
| Geography | 2 | 15.00 | 100% | 50% | 0% |
| History - American | 4 | 17.50 | 100% | 75% | 0% |
| History - European | 3 | 16.67 | 100% | 67% | 0% |
| History - Other | 6 | 15.00 | 100% | 50% | 0% |
| History - World | 5 | 18.00 | 100% | 60% | 20% |
| Literature - American | 6 | 23.33 | 100% | 67% | 67% |
| Literature - British | 5 | 28.00 | 100% | 100% | 80% |
| Literature - European | 3 | 13.33 | 67% | 67% | 0% |
| Literature - World | 7 | 25.71 | 100% | 100% | 57% |
| Mythology | 7 | 20.00 | 100% | 71% | 29% |
| Other Academic | 1 | 30.00 | 100% | 100% | 100% |
| Philosophy | 6 | 13.33 | 100% | 33% | 0% |
| Pop Culture | 2 | 20.00 | 100% | 100% | 0% |
| Religion | 8 | 16.25 | 100% | 50% | 13% |
| Science - Biology | 5 | 10.00 | 80% | 20% | 0% |
| Science - Chemistry | 5 | 20.00 | 100% | 60% | 40% |
| Science - Other | 8 | 16.25 | 100% | 63% | 0% |
| Science - Physics | 5 | 14.00 | 100% | 40% | 0% |
| Social Science | 6 | 13.33 | 100% | 33% | 0% |